| 000 | 01030nam a2200241 a 4500 | ||
|---|---|---|---|
| 001 | 47697 | ||
| 003 | BD-RjUL | ||
| 005 | 20240213154524.0 | ||
| 008 | 160810s2013 bg a|||| b||| 00| 0 ben d | ||
| 020 |
_a9789840415212 _c: Tk. 180.00 |
||
| 035 | _a(BD-RjUL)47816 | ||
| 040 |
_aBD-RjUL _bben _cBD-RjUL |
||
| 041 | _aben | ||
| 082 |
_223 _a333.7845095492 _bSIN 2013 |
||
| 100 |
_a সিদ্দিকী, মাহবুব _9117732 |
||
| 245 | 1 | 0 |
_aনারদ নদ : _bপদ্মার প্রাচীনতম শাখার ভৌগলিক, সামাজিক ও রাজনৈতিক ইতিহাস / _cমাহবুব সিদ্দিকী |
| 260 |
_aঢাকা : _bআগামী প্রকাশনী, _c২০১৩ |
||
| 300 |
_a৯৬ পৃ. : _bচিত্র ; _c২১ সেমি. |
||
| 504 | _aগ্রন্থপঞ্জি সংযুক্ত | ||
| 650 |
_aনদনদী _zবাংলাদেশ _9144895 |
||
| 650 |
_aRivers _zBangladesh _9144896 |
||
| 942 |
_2ddc _cBK |
||
| 999 |
_c47697 _d47697 |
||